000
00245nam a2200097Ia 4500
001
711765
005
20250826162814.0
008
250824s9999 xx 000 0 und d
245
0
_a
MAİ VE SİYAH
_c
HALİD ZİYA UŞAKLIGİL
260
_b
CAN YAYINLARI
999
_c
711765
_d
711765